|
|
|
|
| LEADER |
00000nam0a2200000 4500 |
| 001 |
82205 |
| 005 |
20231031095603.0 |
| 035 |
|
|
|a (RuTPU)RU\TPU\book\88351
|
| 090 |
|
|
|a 82205
|
| 100 |
|
|
|a 20050928d1982 m y0rusy50 ca
|
| 101 |
0 |
|
|a ger
|
| 102 |
|
|
|a RU
|
| 105 |
|
|
|a y z 000ay
|
| 200 |
1 |
|
|a Швейцарская новелла XX века
|e сборник на немецком языке
|f сост. В. Д. Седельник
|
| 210 |
|
|
|a Москва
|c Прргресс
|d 1982
|
| 215 |
|
|
|a 416 с.
|
| 610 |
1 |
|
|a новеллы
|
| 610 |
1 |
|
|a немецкая литература
|
| 675 |
|
|
|a 83
|v 3
|
| 702 |
|
1 |
|a Седельник
|b В. Д.
|4 220
|
| 801 |
|
1 |
|a RU
|b 63413507
|c 20050928
|g PSBO
|
| 801 |
|
2 |
|a RU
|b 63413507
|c 20050928
|g PSBO
|
| 942 |
|
|
|c BK
|